000 00755nam a2200253Ia 4500
003 OSt
005 20220923222745.0
006 a|||||r|||| 00| 0
007 ta
008 220922b |||||||| |||| 00| 0 hin d
024 _a207,448
037 _cTextual
040 _aARTS
_cARTS
_bhin
041 _2hin
_ahin
082 _aO152,3NKU1,DU, M5
100 _aकुसुमलता
_9156277
245 0 _aदुर्गी
246 _aDurgī
260 _aनई दिल्ली
_b प्रतिभा प्रतिष्ठान
_c1990
300 _a239पृ.
_ccm.
650 _aहिन्दी कहानी
942 _hO152,3NKU1,DU, M5
_cTEXL
_2CC
999 _c358065
_d358065